Kultúra slova vedecko-popularizačný časopis pre jazykovú kultúru a terminológiu

Salvato in:
Dettagli Bibliografici
Natura: Periodico
Lingua:slovacco
Pubblicazione: Martin Vydavateľstvo Matice slovenskej
Soggetti:
Tags: Aggiungi Tag
Nessun Tag, puoi essere il primo ad aggiungerne!!

MARC

LEADER 00000nas1a2200000$$$4500
001 0019758
005 20250122090201.6
022 |a 0023-5202 
041 0 |a slo 
044 |a SK 
245 1 0 |a Kultúra slova  |b vedecko-popularizačný časopis pre jazykovú kultúru a terminológiu 
264 1 |a Martin  |b Vydavateľstvo Matice slovenskej 
610 2 0 |a jazykoveda 
610 2 0 |a terminológia